000 00279nam a2200121Ia 4500
008 140130s9999 xx 000 0 und d
245 _cDallas-Conte, Juliet
_aCock-a-moo-moo
260 _bScholastic,
_c2001
440 _v1
521 _aGrade 1
942 _cBK
999 _c40107
_d40107